| Tag |
First Indicator |
Second Indicator |
Subfields |
| LEADER |
00000pam a2200000 a 4500 |
| 001 |
in00000087798 |
| 005 |
20151008063015.0 |
| 008 |
810818s1982 laua b s00110 eng |
| 010 |
|
|
|a 81014252
|
| 020 |
|
|
|a 080710986X :
|c $27.50
|
| 035 |
|
|
|a (OCoLC)07735205
|
| 035 |
|
|
|9 AAK1391AM
|
| 039 |
0 |
|
|a 2
|b 3
|c 3
|d 3
|e 3
|
| 040 |
|
|
|a DLC
|c DLC
|d TXA
|d UtOrBLW
|
| 043 |
|
|
|a n-us---
|
| 049 |
|
|
|a TXAM
|c [A10129421]
|
| 050 |
0 |
0 |
|a E457.5
|b T96 1982
|
| 082 |
0 |
|
|a 973.7/092/4
|2 19
|
| 100 |
1 |
|
|a Turner, Thomas Reed,
|d 1941-
|
| 245 |
1 |
0 |
|a Beware the people weeping :
|b public opinion and the assassination of Abraham Lincoln /
|c Thomas Reed Turner.
|
| 264 |
|
1 |
|a Baton Rouge :
|b Louisiana State University Press,
|c [1982]
|
| 264 |
|
4 |
|c ©1982
|
| 300 |
|
|
|a xvi, 265 pages :
|b illustrations ;
|c 24 cm.
|
| 336 |
|
|
|a text
|b txt
|2 rdacontent
|
| 337 |
|
|
|a unmediated
|b n
|2 rdamedia
|
| 338 |
|
|
|a volume
|b nc
|2 rdacarrier
|
| 504 |
|
|
|a Includes bibliographical references and index.
|
| 600 |
1 |
0 |
|a Lincoln, Abraham,
|d 1809-1865
|x Assassination
|x Public opinion.
|
| 650 |
|
0 |
|a Public opinion
|z United States.
|
| 999 |
|
|
|a MARS
|
| 999 |
f |
f |
|s 2ac8d5dc-48b3-339b-bace-286da10922ae
|i 8c847736-8547-3eea-94f0-f43c01fe6190
|t 0
|
| 952 |
f |
f |
|p normal
|a Texas A&M University
|b College Station
|c Sterling C. Evans Library
|d Evans: Library Stacks
|t 0
|e E457.5 T96 1982
|h Library of Congress classification
|i unmediated -- volume
|m A14810129421
|
| 998 |
f |
f |
|a E457.5 T96 1982
|t 0
|l Evans: Library Stacks
|